Тест на общие знания №26 - Statistics

General Stats
  • This quiz has been taken 50 times
  • The average score is 9 of 20
Answer Stats
Вопрос Ответ % Correct
Кто занимается взысканием долгов? коллектор
82%
Сколько граней у октаэдра? 8
82%
В какой видеоигровой серии есть игры с подзаголовками "Vice City" и "San Andreas"? "Grand Theft Auto"
68%
Какое английское слово означает одновременно "скучать" и "промахиваться"? miss
64%
Кого, согласно выражению, "натягивает на глобус" человек, делающий необдуманное умозаключение? сова
61%
Какой цвет приобретает лакмус в кислой среде? красный
54%
Кто такие чума, война, голод и смерть? Четыре всадника Апокалипсиса
54%
Как называется учащённое сердцебиение? тахикардия
50%
Назовите старорусскую меру длины, представленную длиной руки от кончиков пальцев до плеча аршин
50%
Какую страну называют "островом свободы"? Куба
50%
К какому семейству растений относятся картофель, томат и баклажан? паслёновые
46%
Назовите самый распространённый народ без собственного государства курды
39%
Какая серия восстаний потрясла Ближний Восток и Северную Африку в 2011-м году? "Арабская весна"
32%
Какая российская писательница написала 280 книг за 15 лет? Дарья Донцова
32%
Какой герой древнегреческой мифологии победил минотавра с острова Крит? Тесей
29%
Богиней чего была Аматэрасу из японской мифологии? солнце
25%
Клетками какой ткани организма являются аксоны? нервная
25%
Как зовут сына Трандуила? Леголас
21%
Название какого автомобильного бренда переводится с японского как "три бриллианта"? "Mitsubishi"
21%
Какое животное убило Стива Ирвина? электрический скат
14%
No matching quizzes found
Score Distribution
Percent of People with Each Score
Percentile by Number Answered
Your Score History
You have not taken this quiz